TOURISM MANAGEMENT AN INTRODUCTION (Record no. 19805)

MARC details
000 -LEADER
fixed length control field 00353nam a2200133Ia 4500
008 - FIXED-LENGTH DATA ELEMENTS--GENERAL INFORMATION
fixed length control field 240624s9999 xx 000 0 und d
041 ## - LANGUAGE CODE
Language code of text/sound track or separate title eng
082 ## - DEWEY DECIMAL CLASSIFICATION NUMBER
Classification number 338.791 INK
100 ## - MAIN ENTRY--PERSONAL NAME
Personal name INKSON CLARE
245 ## - TITLE STATEMENT
Title TOURISM MANAGEMENT AN INTRODUCTION
260 ## - PUBLICATION, DISTRIBUTION, ETC.
Date of publication, distribution, etc. 2012
Place of publication, distribution, etc. New Delhi
Name of publisher, distributor, etc. Sage Publication
300 ## - PHYSICAL DESCRIPTION
Extent xiv, : 432 : p. : cm. ; 24
365 ## - TRADE PRICE
Currency code ERU
Price amount 30
Holdings
Withdrawn status Lost status Damaged status Not for loan Home library Current library Shelving location Date acquired Source of acquisition Cost, normal purchase price Full call number Barcode Date last seen Copy number Price effective from Koha item type
        IMTN IMTN Rack 13-A 09/27/2012 WBD 32.99 338.791 INK 19805 06/24/2024 72.9 06/24/2024 Books
Designed & Maintained by: LRC IMT Nagpur Contact: lrc@imtnag.ac.in© 2024. All Rights Reserved.